Live Aid Artists London - Sudden Death - Statistics

General Stats
  • This quiz has been taken 49 times
  • The average score is 6 of 16
Answers on the Grid
Answers color-coded by a green-red scale on the quiz's grid according to % correct below.
Elton John
Rick Astley
AC/DC
Slade
Queen
Bryan Adams
U2
Whitney Houston
David Bowie
ABBA
Bryan Ferry
Nik Kershaw
Ozzy Osbourne
Phil Collins
Wham!
Cyndi Lauper
Bruce Springsteen
Dire Straits
Billy Idol
Status Quo
Boston
Janet Jackson
Madonna
Alice Cooper
Bonnie Tyler
Paul Young
The Who
Cutting Crew
Elvis Costello
KISS
Michael Jackson
Ultravox
 
Answer Stats
Answer % Correct
Queen
76%
Elton John
65%
Phil Collins
59%
David Bowie
50%
Status Quo
47%
U2
44%
Paul Young
38%
Wham!
38%
Ultravox
35%
Dire Straits
32%
Bryan Ferry
29%
Nik Kershaw
26%
Elvis Costello
24%
The Who
24%
AC/DC
12%
ABBA
6%
No matching quizzes found
Score Distribution
Percent of People with Each Score
Percentile by Number Answered
Your Score History
You have not taken this quiz